[Event "Bad. Jug-EM 2018 U20-U20w"]
[Site "Karlsruhe-Durlach"]
[Date "2018.01.04"]
[Round "4.1"]
[White "Kühn, Kolja"]
[Black "Öztürk, Yasin-Safa"]
[Result "1/2-1/2"]
[WhiteElo "2125"]
[BlackElo "1775"]
[PlyCount "135"]
[EventDate "2018.??.??"]
[WhiteTeam "SK Ötigheim"]
[BlackTeam "SC Ketsch"]

1. d4 d5 2. c4 e6 3. Nc3 Nf6 4. Bg5 Be7 5. e3 c6 6. Nf3 Nbd7 7. cxd5 cxd5 8.
Bd3 O-O 9. O-O a6 10. Qc2 Re8 11. Rac1 Nf8 12. Ne5 N6d7 13. Bxe7 Qxe7 14. f4 f6
15. Nf3 Qd6 16. Kh1 Kh8 17. Qa4 Rb8 18. e4 b5 19. Qb3 Nb6 20. e5 Qe7 21. a4 Nc4
22. axb5 axb5 23. Ra1 Rb7 24. Ra8 Qc7 25. Rfa1 Ng6 26. g3 Ne7 27. R1a6 Nb6 28.
Nxb5 Qc1+ 29. Kg2 Nxa8 30. Rxa8 Bd7 31. Rxe8+ Bxe8 32. Qa3 Bxb5 33. Bxb5 Ng8
34. Qb4 Qc7 35. Qa4 Qb6 36. Bd7 Qxb2+ 37. Kh3 Qb3 38. Qxb3 Rxb3 39. Ne1 Rb4 40.
Nc2 Rb6 41. Na3 Ne7 42. Kg4 Kg8 43. Nb5 Nf5 44. Kf3 Kf7 45. g4 Rxb5 46. gxf5
Rb3+ 47. Kg4 exf5+ 48. Bxf5 Rb4 49. Bxh7 g6 50. exf6 Rxd4 51. Kg5 Rd2 52. Bxg6+
Kg8 53. h4 Rg2+ 54. Kf5 d4 55. h5 d3 56. h6 Rh2 57. h7+ Kf8 58. Kg4 d2 59. Bc2
Rxh7 60. Kf3 Rh2 61. Ke3 Kf7 62. Bd1 Kxf6 63. Be2 Kf5 64. Kxd2 Kxf4 65. Kd3
Rh3+ 66. Kd4 Rh2 67. Kd3 Ke5 68. Bd1 1/2-1/2

[Event "Bad. Jug-EM 2018 U20-U20w"]
[Site "Karlsruhe-Durlach"]
[Date "2018.01.04"]
[Round "4.2"]
[White "Brückner, Xuan Paul"]
[Black "Stallknecht, Britta"]
[Result "0-1"]
[WhiteElo "856"]
[BlackElo "1848"]
[PlyCount "80"]
[EventDate "2018.??.??"]
[WhiteTeam "SC Brombach"]
[BlackTeam "SK Großsachsen"]

1. e4 d5 2. d4 dxe4 3. Nc3 Nf6 4. Bc4 e6 5. Bg5 Bb4 6. Nge2 Nbd7 7. a3 Be7 8.
d5 exd5 9. Bxd5 Nxd5 10. Bxe7 Nxe7 11. Nxe4 O-O 12. O-O Nb6 13. Re1 Ng6 14.
Qxd8 Rxd8 15. Rad1 Bf5 16. Rd4 Rxd4 17. Nxd4 Bxe4 18. Rxe4 a6 19. Nf5 Kf8 20.
g3 Rd8 21. Re2 Nc4 22. b3 Nd6 23. Nxd6 Rxd6 24. Kg2 Ne7 25. h4 Nc6 26. Kh3 Nd4
27. Rd2 Nb5 28. Rxd6 Nxd6 29. Kg4 Nb5 30. a4 Nd4 31. f4 Nxc2 32. h5 Nd4 33. f5
Nxb3 34. Kg5 f6+ 35. Kh4 Kf7 36. g4 h6 37. Kg3 Nc5 38. Kf4 Nxa4 39. Ke4 c5 40.
Kd5 b5 0-1

[Event "Bad. Jug-EM 2018 U20-U20w"]
[Site "Karlsruhe-Durlach"]
[Date "2018.01.04"]
[Round "4.3"]
[White "Ziegler, Ruben"]
[Black "Kraus, Jens"]
[Result "0-1"]
[WhiteElo "700"]
[BlackElo "1103"]
[PlyCount "74"]
[EventDate "2018.??.??"]
[WhiteTeam "BG Buchen"]
[BlackTeam "SK Lahr"]

1. e4 c5 2. Nf3 Nc6 3. Bc4 e6 4. Nc3 a6 5. a4 d6 6. d3 Nf6 7. Bg5 Be7 8. h3 h6
9. Bh4 Bd7 10. O-O O-O 11. Qd2 Na5 12. b3 Nxc4 13. bxc4 Bc6 14. Rfe1 Nd7 15.
Bg3 f5 16. Qe3 Bf6 17. Qd2 Nb6 18. e5 dxe5 19. Nxe5 Qd4 20. Ra3 Bxe5 21. Bxe5
Qd7 22. Qe3 Nxa4 23. Qg3 Rf7 24. Rea1 Nxc3 25. Bxc3 f4 26. Qg4 Re8 27. Re1 Rf5
28. h4 Qf7 29. f3 e5 30. Ra5 Re6 31. Rxc5 Rg6 32. Qh3 Rg3 33. Qh2 Bxf3 34. Qxg3
fxg3 35. gxf3 Rxf3 36. Rcxe5 Re3 37. Bd4 Qf2+ 0-1

[Event "Bad. Jug-EM 2018 U18w - U16w"]
[Site "Karlsruhe-Durlach"]
[Date "2018.01.04"]
[Round "4.2"]
[White "Schneider, Xenia"]
[Black "Grining, Maria"]
[Result "1/2-1/2"]
[WhiteElo "1424"]
[BlackElo "1658"]
[PlyCount "108"]
[EventDate "2018.??.??"]
[WhiteTeam "SK Endingen"]
[BlackTeam "Karlsruher SF"]

1. e4 c5 2. Nf3 Nc6 3. d4 cxd4 4. Nxd4 Nf6 5. Nc3 e5 6. Nde2 a6 7. a3 Be7 8.
Ng3 d6 9. Bc4 b5 10. Ba2 O-O 11. h3 Na5 12. Qd3 Be6 13. Nd5 Nxd5 14. exd5 Bd7
15. b4 Nc4 16. Bxc4 bxc4 17. Qxc4 Bb5 18. Qg4 Bd7 19. Qf3 Rc8 20. c3 f5 21. Bd2
e4 22. Qd1 Bg5 23. O-O Bb5 24. Re1 Bxd2 25. Qxd2 Qf6 26. Rac1 Bd3 27. f3 Rfe8
28. Nh5 Qe5 29. Nf4 Bc4 30. h4 e3 31. Qd4 Qxd4 32. cxd4 h6 33. Rc3 g5 34. hxg5
hxg5 35. Ne6 Bxd5 36. Rcxe3 f4 37. R3e2 Bc4 38. Re4 Bd3 39. Nxg5 Bxe4 40. fxe4
Rc3 41. Kf2 Rxa3 42. Nf3 Ra2+ 43. Kg1 Rb2 44. Ra1 Ra8 45. Ra4 Kf8 46. Ra5 Rxb4
47. Rf5+ Ke7 48. Rxf4 Rf8 49. Rh4 a5 50. Rh5 a4 51. Ra5 Rb1+ 52. Kh2 Rb4 53.
Ra7+ Ke8 54. Kg3 Rg8+ 1/2-1/2

[Event "Bad. Jug-EM 2018 U18w - U16w"]
[Site "Karlsruhe-Durlach"]
[Date "2018.01.04"]
[Round "4.3"]
[White "Ehmann, Johanna"]
[Black "Ganjali, Aska"]
[Result "1-0"]
[WhiteElo "1712"]
[BlackElo "1304"]
[PlyCount "83"]
[EventDate "2018.??.??"]
[WhiteTeam "SF Sasbach"]
[BlackTeam "SK Gernsbach"]

1. e4 e5 2. Nf3 Nc6 3. d4 exd4 4. Bc4 Bc5 5. c3 Nf6 6. cxd4 Bb4+ 7. Bd2 Bxd2+
8. Nbxd2 d5 9. exd5 Nxd5 10. Qb3 Nce7 11. O-O O-O 12. Rfe1 c6 13. a4 a6 14. Ne4
b5 15. axb5 cxb5 16. Bd3 Bb7 17. Nc5 Qc7 18. Rac1 Bc6 19. Ne5 Nf4 20. Ncd7 Qb7
21. Nxc6 Nxc6 22. Be4 Rfe8 23. Qg3 Qxd7 24. Bxc6 Rxe1+ 25. Rxe1 Qxc6 26. Qxf4
Re8 27. Rc1 Qe6 28. h3 h6 29. Qc7 Re7 30. Qc5 Rd7 31. Qc8+ Kh7 32. Qc3 Qb6 33.
Qc5 Qxc5 34. dxc5 Rc7 35. b4 Rc6 36. Kf1 Kg6 37. Ke2 Kf5 38. Ke3 Ke5 39. f4+
Kd5 40. Kd3 a5 41. Re1 axb4 42. Re5# 1-0

[Event "Bad. Jug-EM 2018 U18w - U16w"]
[Site "Karlsruhe-Durlach"]
[Date "2018.01.04"]
[Round "4.4"]
[White "Wagner, Lena"]
[Black "Hartmann, Cora"]
[Result "0-1"]
[WhiteElo "1259"]
[BlackElo "1842"]
[PlyCount "80"]
[EventDate "2018.??.??"]
[WhiteTeam "SK Endingen"]
[BlackTeam "SV Walldorf"]

1. d4 d5 2. Nf3 Nf6 3. Bf4 Bf5 4. Nc3 e6 5. g3 c5 6. Bg2 Nc6 7. O-O Be7 8. e3
h6 9. h3 O-O 10. Qd2 Rc8 11. a3 Bh7 12. Ne5 Nxe5 13. Bxe5 Nd7 14. Rac1 f6 15.
Bf4 g5 16. e4 cxd4 17. Qxd4 gxf4 18. gxf4 dxe4 19. Bxe4 Nc5 20. Qe3 Kh8 21. b4
Nxe4 22. Nxe4 Qb6 23. Qe2 Qd4 24. Rfe1 Rg8+ 25. Kh1 Bxe4+ 26. Qxe4 Qxe4+ 27.
Rxe4 Rc3 28. Kh2 Bd6 29. Rd4 Bc7 30. a4 e5 31. Re4 exf4 32. Re6 Be5 33. Re7 f3+
34. Kh1 Rc4 35. Rg1 Rxg1+ 36. Kxg1 Rxb4 37. Re8+ Kg7 38. Re7+ Kg6 39. Rxb7 Rxb7
40. Kf1 Rb1# 0-1

[Event "Bad. Jug-EM 2018 U18"]
[Site "Karlsruhe-Durlach"]
[Date "2018.01.04"]
[Round "4.1"]
[White "Elms, Robert"]
[Black "Schrepp, Florian"]
[Result "1-0"]
[WhiteElo "1943"]
[BlackElo "1833"]
[PlyCount "55"]
[EventDate "2018.??.??"]
[WhiteTeam "SC Iffezheim"]
[BlackTeam "SC Ketsch"]

1. e4 g6 2. d4 Bg7 3. Nf3 c6 4. c4 d6 5. Nc3 e5 6. d5 c5 7. h3 Ne7 8. g4 f5 9.
gxf5 gxf5 10. Rg1 Bf6 11. exf5 Bxf5 12. Bd3 Qd7 13. Ne4 Bxe4 14. Bxe4 Na6 15.
Ng5 O-O-O 16. Nxh7 Rxh7 17. Bxh7 Qxh3 18. Qg4+ Qxg4 19. Rxg4 Rh8 20. Be4 Rh4
21. Rxh4 Bxh4 22. Bh6 Ng8 23. Be3 Nf6 24. Bf5+ Kd8 25. Ke2 Nd7 26. Rh1 Be7 27.
Rh8+ Kc7 28. Rh7 1-0

[Event "Bad. Jug-EM 2018 U18"]
[Site "Karlsruhe-Durlach"]
[Date "2018.01.04"]
[Round "4.2"]
[White "Schmohel, Andreas"]
[Black "Avdagic, Alan"]
[Result "1-0"]
[WhiteElo "1733"]
[BlackElo "1496"]
[PlyCount "57"]
[EventDate "2018.??.??"]
[WhiteTeam "SC Viernheim"]
[BlackTeam "DJB Steuben Feudenheim"]

1. d4 e6 2. Nf3 f5 3. g3 Nf6 4. Bg2 d5 5. c4 c6 6. Nc3 Be7 7. Qb3 O-O 8. O-O
Nbd7 9. cxd5 exd5 10. Ne5 Kh8 11. f4 Nxe5 12. fxe5 Ne4 13. Nxe4 fxe4 14. Bd2
Qb6 15. Qxb6 axb6 16. Bg5 Bb4 17. a3 h6 18. Bxh6 Rxf1+ 19. Rxf1 Bxa3 20. bxa3
gxh6 21. Rf8+ Kg7 22. Re8 b5 23. Bh3 Rxa3 24. Rxc8 b4 25. Rc7+ Kf8 26. Rxb7 Rb3
27. e6 e3 28. e7+ Kf7 29. Be6+ 1-0

[Event "Bad. Jug-EM 2018 U18"]
[Site "Karlsruhe-Durlach"]
[Date "2018.01.04"]
[Round "4.3"]
[White "Lachenicht, Tim"]
[Black "Wegmer, Leon"]
[Result "1/2-1/2"]
[WhiteElo "1746"]
[BlackElo "1744"]
[PlyCount "68"]
[EventDate "2018.??.??"]
[WhiteTeam "SK Gernsbach"]
[BlackTeam "Karlsruher SF"]

1. e4 c5 2. Nf3 e6 3. d4 cxd4 4. Nxd4 a6 5. c4 Qc7 6. Nc3 Nf6 7. f3 b6 8. Be3
Bb7 9. Rc1 Be7 10. Be2 O-O 11. O-O d6 12. Qb3 Nbd7 13. Na4 Rac8 14. Qd1 Qb8 15.
Nc3 Bd8 16. Qe1 Bc7 17. Qh4 Ne5 18. Qh3 Ng6 19. f4 Nxe4 20. Nxe4 Bxe4 21. Nxe6
Bxg2 22. Kxg2 fxe6 23. Qxe6+ Rf7 24. Qg4 Re7 25. Bd2 Rf8 26. Bf3 Qe8 27. Bd5+
Kh8 28. Rce1 Bd8 29. Rxe7 Qxe7 30. Re1 Qf6 31. Bc1 Qf5 32. Qxf5 Nh4+ 33. Kf1
Nxf5 34. Re6 Nd4 1/2-1/2

[Event "Bad. Jug-EM 2018 U18"]
[Site "Karlsruhe-Durlach"]
[Date "2018.01.04"]
[Round "4.4"]
[White "Acar, Lukas"]
[Black "Hatzenbühler, Kevin"]
[Result "0-1"]
[WhiteElo "1017"]
[BlackElo "1602"]
[PlyCount "42"]
[EventDate "2018.??.??"]
[WhiteTeam "SF Birkenfeld"]
[BlackTeam "OSG Baden-Baden"]

1. d4 d6 2. Nf3 Nd7 3. Bf4 Ngf6 4. e3 g6 5. Bc4 Bg7 6. c3 d5 7. Bb3 O-O 8. c4
c5 9. cxd5 cxd4 10. Nxd4 Nc5 11. Nc3 Qa5 12. O-O a6 13. f3 Rd8 14. e4 Bd7 15.
Bc4 Nh5 16. Nce2 Nxf4 17. Nxf4 Qc7 18. Nfe2 Nxe4 19. fxe4 Qxc4 20. Nc3 Qxd4+
21. Qxd4 Bxd4+ 0-1

[Event "Bad. Jug-EM 2018 U18"]
[Site "Karlsruhe-Durlach"]
[Date "2018.01.04"]
[Round "4.5"]
[White "Bachmann, Jonas"]
[Black "Esslinger, Marcel"]
[Result "0-1"]
[WhiteElo "1607"]
[BlackElo "1684"]
[PlyCount "118"]
[EventDate "2018.??.??"]
[WhiteTeam "SC Neumühl"]
[BlackTeam "SC Hornberg"]

1. e4 c5 2. Nf3 d6 3. d4 cxd4 4. Nxd4 Nf6 5. Nc3 a6 6. f3 e6 7. Be3 Be7 8. Qd2
O-O 9. O-O-O Qc7 10. g4 b5 11. Kb1 Bb7 12. Bd3 Nc6 13. Nxc6 Bxc6 14. h4 Rfd8
15. Qh2 b4 16. Ne2 Rac8 17. h5 d5 18. Bf4 Qb7 19. g5 dxe4 20. fxe4 Nxe4 21. g6
fxg6 22. hxg6 h6 23. Bc4 Bd5 24. Bxd5 Rxd5 25. Rxd5 exd5 26. Qh3 Rc6 27. Nd4
Rxg6 28. Qf5 Rf6 29. Qe5 Bd6 30. Qe8+ Kh7 31. Bxd6 Nxd6 32. Qd8 Qf7 33. b3 Rf1+
34. Rxf1 Qxf1+ 35. Kb2 Qf6 36. Qxf6 gxf6 37. Nc6 h5 38. Nxb4 h4 39. Nxd5 h3 40.
Nxf6+ Kg6 41. Ng4 Kg5 42. Nh2 Kf4 43. c4 Kg3 44. Nf1+ Kf2 45. Nh2 Nf5 46. c5
Kg3 47. Nf1+ Kg2 48. Nh2 Kxh2 49. c6 Ne7 50. c7 Kg1 51. Kc3 h2 52. Kb4 h1=Q 53.
Ka5 Qc6 54. c8=Q Nxc8 55. Kb4 Ne7 56. Ka3 Qc5+ 57. b4 Qc3+ 58. Ka4 Nc6 59. a3
Qc2# 0-1

[Event "Bad. Jug-EM 2018 U16"]
[Site "Karlsruhe-Durlach"]
[Date "2018.01.04"]
[Round "4.1"]
[White "Färber, David"]
[Black "Schmider, Niklas"]
[Result "1/2-1/2"]
[WhiteElo "2155"]
[BlackElo "2128"]
[PlyCount "49"]
[EventDate "2018.??.??"]
[WhiteTeam "SV Walldorf"]
[BlackTeam "SK Lahr"]

1. e4 c5 2. Nf3 d6 3. d4 cxd4 4. Nxd4 Nf6 5. Nc3 a6 6. Bg5 Nbd7 7. Qe2 h6 8.
Bh4 g6 9. f4 e5 10. fxe5 dxe5 11. O-O-O Qc7 12. Nb3 b5 13. Nd5 Nxd5 14. exd5
Bd6 15. Qd2 Kf8 16. Kb1 Kg7 17. g4 Re8 18. g5 h5 19. Be2 Nb6 20. Rhf1 Nc4 21.
Bxc4 bxc4 22. Na5 Rb8 23. Nc6 Rb5 24. Ka1 Bg4 25. Rde1 1/2-1/2

[Event "Bad. Jug-EM 2018 U16"]
[Site "Karlsruhe-Durlach"]
[Date "2018.01.04"]
[Round "4.2"]
[White "Chernykh, Arkady"]
[Black "Preuß, Julian"]
[Result "1-0"]
[WhiteElo "2039"]
[BlackElo "1236"]
[PlyCount "43"]
[EventDate "2018.??.??"]
[WhiteTeam "Karlsruher SF"]
[BlackTeam "SC Villingen-Schwenningen"]

1. d4 d5 2. c4 e6 3. Nc3 Nf6 4. cxd5 exd5 5. Bg5 Be7 6. e3 O-O 7. Bd3 c6 8. Qc2
h6 9. Bh4 Nbd7 10. Nf3 Re8 11. h3 Qc7 12. O-O-O Nb6 13. g4 a5 14. Rdg1 g5 15.
Bg3 Qd8 16. Ne5 Bd6 17. f4 gxf4 18. Bxf4 Nbd7 19. g5 hxg5 20. Rxg5+ Kf8 21.
Ng6+ fxg6 22. Bxd6+ 1-0

[Event "Bad. Jug-EM 2018 U16"]
[Site "Karlsruhe-Durlach"]
[Date "2018.01.04"]
[Round "4.3"]
[White "Schneider, Edward"]
[Black "Koll, Lukas"]
[Result "1/2-1/2"]
[WhiteElo "1658"]
[BlackElo "1883"]
[PlyCount "46"]
[EventDate "2018.??.??"]
[WhiteTeam "SF Sasbach"]
[BlackTeam "Karlsruher SF"]

1. e4 c6 2. c4 d5 3. exd5 cxd5 4. cxd5 Nf6 5. Qa4+ Bd7 6. Qb3 Qb6 7. Qxb6 axb6
8. Nc3 Na6 9. Bc4 Nb4 10. Bb3 O-O-O 11. a3 Nd3+ 12. Kf1 g6 13. Bc4 Bf5 14. Nge2
Bh6 15. Ng3 Nxc1 16. Nxf5 gxf5 17. Ke1 Rhg8 18. g3 Ne4 19. Nxe4 fxe4 20. Rxc1
Kd7 21. Ke2 Kd6 22. Rc2 Rc8 23. Rhc1 f5 1/2-1/2

[Event "Bad. Jug-EM 2018 U16"]
[Site "Karlsruhe-Durlach"]
[Date "2018.01.04"]
[Round "4.4"]
[White "Meier, Marlon"]
[Black "Trunk, Mika"]
[Result "1-0"]
[WhiteElo "1796"]
[BlackElo "1572"]
[PlyCount "59"]
[EventDate "2018.??.??"]
[WhiteTeam "SK Gernsbach"]
[BlackTeam "BG Buchen"]

1. b4 Nf6 2. Bb2 d5 3. e3 Bf5 4. Nf3 e6 5. b5 Be7 6. Be2 O-O 7. O-O h6 8. d4 c5
9. c4 Nbd7 10. Nbd2 Bh7 11. Rc1 Rc8 12. a4 Re8 13. Qb3 Qb6 14. Rfd1 Bf8 15. Ne5
Red8 16. Ndf3 Be7 17. Nxd7 Rxd7 18. Ne5 Rdd8 19. dxc5 Bxc5 20. cxd5 Nxd5 21.
Nc4 Qc7 22. Be5 Qe7 23. Bf3 Nb4 24. Nd6 Bxd6 25. Rxc8 Rxc8 26. Bxd6 Qf6 27.
Qxb4 Bg6 28. Qd4 Qf5 29. Be5 f6 30. Bg4 1-0

[Event "Bad. Jug-EM 2018 U16"]
[Site "Karlsruhe-Durlach"]
[Date "2018.01.04"]
[Round "4.5"]
[White "Doll, Alexander"]
[Black "Naß, Maximilian"]
[Result "0-1"]
[WhiteElo "1845"]
[BlackElo "1675"]
[PlyCount "120"]
[EventDate "2018.??.??"]
[WhiteTeam "SC Untergrombach"]
[BlackTeam "SC Ersingen"]

1. e4 e5 2. Nf3 Nc6 3. Bc4 Bc5 4. c3 d6 5. O-O Nf6 6. d3 O-O 7. Bb3 Bg4 8. Nbd2
Qe7 9. Re1 Nd7 10. Nf1 Qf6 11. Ng3 Bxf3 12. Qxf3 Qxf3 13. gxf3 Ne7 14. Bd2 Ng6
15. a4 a5 16. Nf5 Bb6 17. Be3 Nc5 18. Bc4 Ba7 19. Bg5 Ne6 20. Ne7+ Nxe7 21.
Bxe7 Rfe8 22. Bh4 h6 23. Bg3 g5 24. Bxe6 fxe6 25. h4 Rf8 26. hxg5 Rxf3 27. Kg2
Rxd3 28. Rh1 hxg5 29. Rh5 Bb6 30. Rah1 Rf8 31. Rxg5+ Kf7 32. Rh7+ Ke8 33. Bh4
Rdf3 34. Rgg7 R3f7 35. f3 Rxg7+ 36. Rxg7 Rf7 37. Rg8+ Kd7 38. Kg3 Be3 39. Bg5
Bf4+ 40. Kg4 Bxg5 41. Rxg5 Rh7 42. Rg8 Rh2 43. Ra8 Rxb2 44. Rxa5 Rg2+ 45. Kh3
Rc2 46. Ra7 Kc6 47. Ra8 Rxc3 48. Kg2 Ra3 49. Re8 Rxa4 50. Rxe6 Ra8 51. Kf2 b5
52. Rh6 b4 53. Rh1 b3 54. Rb1 Rb8 55. Ke2 Kc5 56. Ke3 b2 57. Kd3 Rb3+ 58. Kc2
Rxf3 59. Kxb2 Kd4 60. Rc1 Kxe4 0-1

[Event "Bad. Jug-EM 2018 U16"]
[Site "Karlsruhe-Durlach"]
[Date "2018.01.04"]
[Round "4.6"]
[White "Salwasser, Christian"]
[Black "Fidlin, Simon"]
[Result "1/2-1/2"]
[WhiteElo "1519"]
[BlackElo "1841"]
[PlyCount "75"]
[EventDate "2018.??.??"]
[WhiteTeam "SC Rastatt"]
[BlackTeam "Karlsruher SF"]

1. e4 c5 2. Nf3 a6 3. d4 cxd4 4. Nxd4 Nf6 5. f3 e6 6. Be3 Qc7 7. c4 b6 8. Nc3
Bb7 9. Be2 Nc6 10. O-O h5 11. Qe1 h4 12. h3 Bd6 13. Bd3 Bg3 14. Qd2 Nh5 15.
Nde2 Ne5 16. Rad1 Bc6 17. b3 Ng6 18. f4 O-O 19. f5 Ne7 20. f6 Nxf6 21. Bg5 Qe5
22. Bxf6 gxf6 23. Nxg3 hxg3 24. Ne2 Bxe4 25. Bxe4 Qxe4 26. Nxg3 Qe5 27. Qf4 d5
28. Qxf6 Qxg3 29. Qxe7 dxc4 30. bxc4 Qg6 31. Rf4 f5 32. Rd3 Rf7 33. Qh4 Rg7 34.
Rd8+ Rxd8 35. Qxd8+ Kf7 36. Qd7+ Kf8 37. Qd8+ Kf7 38. Qd7+ 1/2-1/2

[Event "Bad. Jug-EM 2018 U16"]
[Site "Karlsruhe-Durlach"]
[Date "2018.01.04"]
[Round "4.7"]
[White "Metzinger, Hannes"]
[Black "Wellenreich, Tim"]
[Result "1-0"]
[WhiteElo "1574"]
[BlackElo "1626"]
[PlyCount "111"]
[EventDate "2018.??.??"]
[WhiteTeam "SK Ottenau"]
[BlackTeam "SSV Bruchsal"]

1. e4 e6 2. d4 d5 3. exd5 exd5 4. Nf3 Bd6 5. c4 Nf6 6. Nc3 dxc4 7. Bxc4 O-O 8.
O-O Bg4 9. Qd3 Nbd7 10. Re1 Nb6 11. Bb3 c6 12. Bg5 h6 13. Bh4 Bh5 14. h3 Bg6
15. Qxg6 Nbd5 16. Qf5 Be7 17. Nxd5 Nxd5 18. Bxe7 Nxe7 19. Qg4 Ng6 20. Qxg6 Qb6
21. Ne5 Qxb3 22. Qxg7+ Kxg7 23. axb3 a6 24. Nc4 Kf6 25. Nb6 Rad8 26. Rad1 Rd6
27. Re3 c5 28. Nc4 Rxd4 29. Rxd4 cxd4 30. Re4 Rd8 31. Kf1 d3 32. Ke1 Rd5 33.
Kd2 Rb5 34. Kc3 Rf5 35. Re3 b5 36. Rf3 Rxf3 37. gxf3 bxc4 38. bxc4 Ke5 39. Kxd3
a5 40. b3 f5 41. f4+ Ke6 42. Ke3 h5 43. Kf3 h4 44. Ke3 Kd7 45. Kd4 Kd6 46. c5+
Kc6 47. Kc4 Kc7 48. Kb5 Kb7 49. Kxa5 Kc6 50. b4 Kb7 51. Kb5 Kc7 52. c6 Kc8 53.
Kb6 Kb8 54. f3 Kc8 55. c7 Kd7 56. Kb7 1-0

[Event "Bad. Jug-EM 2018 U16"]
[Site "Karlsruhe-Durlach"]
[Date "2018.01.04"]
[Round "4.8"]
[White "Theilig, Maximilian"]
[Black "Scheid, Lennart"]
[Result "1/2-1/2"]
[WhiteElo "1404"]
[BlackElo "1518"]
[PlyCount "66"]
[EventDate "2018.??.??"]
[WhiteTeam "SC Viernheim"]
[BlackTeam "SK Ladenburg"]

1. d4 d5 2. c4 e6 3. Nc3 Nf6 4. e3 Be7 5. Nf3 c5 6. a3 a5 7. b3 O-O 8. Bb2 Qb6
9. cxd5 cxd4 10. exd4 Nxd5 11. Bc4 Nxc3 12. Bxc3 Bf6 13. O-O Nc6 14. Qd2 Rd8
15. Rfd1 Ne5 16. Nxe5 Bxe5 17. Qe3 Bf6 18. Rd3 h6 19. Rad1 Bd7 20. d5 Qxe3 21.
Rxe3 Bxc3 22. Rxc3 Rac8 23. dxe6 Bxe6 24. Rxd8+ Rxd8 25. Rc1 Rc8 26. Rc2 b5 27.
Bd3 Rxc2 28. Bxc2 Kf8 29. Kf1 Ke7 30. Ke2 Kd6 31. b4 axb4 32. axb4 Kd5 33. Bd3
Bd7 1/2-1/2

[Event "Bad. Jug-EM 2018 U16"]
[Site "Karlsruhe-Durlach"]
[Date "2018.01.04"]
[Round "4.9"]
[White "Fließ, Justin"]
[Black "Schwab, Norman"]
[Result "1-0"]
[WhiteElo "1368"]
[BlackElo "1374"]
[PlyCount "111"]
[EventDate "2018.??.??"]
[WhiteTeam "Neckarsteinach"]
[BlackTeam "FSF 1887 Zähringen"]

1. Nf3 d5 2. d4 e6 3. Bf4 c5 4. e3 Nc6 5. c4 Nf6 6. Nc3 h6 7. Nb5 Nh5 8. Nc7+
Ke7 9. Nxa8 Nxf4 10. exf4 Ke8 11. cxd5 exd5 12. Bb5 Be6 13. O-O Qxa8 14. Re1
Kd8 15. Qa4 Bd7 16. Ne5 Nxe5 17. fxe5 Bxb5 18. Qxb5 Qc8 19. Rad1 Qc6 20. Qa5+
Qb6 21. Qxb6+ axb6 22. dxc5 bxc5 23. Rxd5+ Kc8 24. e6 fxe6 25. Rxe6 g5 26. Re8+
Kc7 27. Rdd8 Rh7 28. Rxf8 Re7 29. Kf1 Kb6 30. Rde8 Rd7 31. Rf6+ Ka7 32. Rxh6
Rd1+ 33. Ke2 Rb1 34. b3 Rb2+ 35. Kf3 g4+ 36. Kg3 Rxa2 37. Re3 b6 38. Rf6 Ka6
39. Kxg4 Ka5 40. h4 Rd2 41. h5 Rd4+ 42. Rf4 Rd6 43. Rh3 b5 44. h6 Rg6+ 45. Kf5
Rg8 46. h7 Rf8+ 47. Ke5 Re8+ 48. Kd6 c4 49. bxc4 bxc4 50. h8=Q Rxh8 51. Rxh8 c3
52. Rc4 c2 53. Rxc2 Ka6 54. Rb8 Ka7 55. Rb1 Ka8 56. Ra2# 1-0

[Event "Bad. Jug-EM 2018 U14W"]
[Site "Karlsruhe-Durlach"]
[Date "2018.01.04"]
[Round "4.1"]
[White "Basovskiy, Jana"]
[Black "Wagner, Anna"]
[Result "1-0"]
[WhiteElo "1775"]
[BlackElo "1173"]
[PlyCount "55"]
[EventDate "2018.??.??"]
[WhiteTeam "SK Mannheim"]
[BlackTeam "SK Endingen"]

1. e4 e5 2. Nf3 Nc6 3. Bc4 Bc5 4. c3 Nf6 5. d3 d6 6. Nbd2 Bg4 7. O-O O-O 8. h3
Bh5 9. Re1 d5 10. Bb3 d4 11. Nf1 Qd7 12. Ng3 Rad8 13. Nxh5 Nxh5 14. cxd4 exd4
15. Bg5 Be7 16. Bxe7 Qxe7 17. Bc4 Nf4 18. Qd2 Ne6 19. Rac1 Qb4 20. Qxb4 Nxb4
21. Bxe6 fxe6 22. Rxc7 Nxd3 23. Rd1 Nxb2 24. Rxd4 Rxd4 25. Nxd4 e5 26. Ne6 Rf7
27. Rc8+ Rf8 28. Rxf8# 1-0

[Event "Bad. Jug-EM 2018 U14W"]
[Site "Karlsruhe-Durlach"]
[Date "2018.01.04"]
[Round "4.2"]
[White "Visvikis, Kassandra"]
[Black "Schneider, Katharina"]
[Result "0-1"]
[WhiteElo "1510"]
[BlackElo "1650"]
[PlyCount "156"]
[EventDate "2018.??.??"]
[WhiteTeam "OSG Baden-Baden"]
[BlackTeam "SF Sasbach"]

1. e4 e5 2. Nf3 Nc6 3. Bc4 Bc5 4. O-O Nf6 5. d3 d6 6. c3 a6 7. a4 Ba7 8. Re1
O-O 9. Bg5 h6 10. Bh4 Be6 11. Nbd2 Re8 12. Bb3 Rb8 13. Bc2 d5 14. b4 d4 15. b5
dxc3 16. Nb1 Nd4 17. Nxe5 Bb3 18. Bxb3 Rxe5 19. Nxc3 Nxb3 20. Qxb3 g5 21. Bg3
Re7 22. e5 Ng4 23. h3 Qxd3 24. Qb4 Qxg3 25. Ne4 Bxf2+ 26. Nxf2 Qxf2+ 27. Kh1
Rxe5 28. hxg4 Rxe1+ 29. Rxe1 axb5 30. axb5 b6 31. Re7 Qc5 32. Qxc5 bxc5 33.
Rxc7 Rxb5 34. Kg1 Rb4 35. Rxc5 Rxg4 36. Rf5 Kg7 37. Kh2 Kg6 38. Rf3 h5 39. Ra3
f6 40. Ra8 h4 41. Ra3 f5 42. Ra6+ Kh5 43. Ra5 Rf4 44. Ra3 g4 45. Ra8 Rf2 46.
Kg1 Rd2 47. Ra1 g3 48. Kf1 Rf2+ 49. Kg1 h3 50. gxh3 Kh4 51. Ra8 Kxh3 52. Ra1 f4
53. Rb1 Re2 54. Rf1 Kg4 55. Ra1 f3 56. Ra4+ Kh3 57. Ra1 f2+ 58. Kf1 Re1+ 59.
Rxe1 fxe1=Q+ 60. Kxe1 Kh2 61. Ke2 g2 62. Kd3 g1=Q 63. Ke4 Qg3 64. Kd5 Qf4 65.
Kc6 Qg5 66. Kd6 Qf5 67. Kc6 Qe5 68. Kd7 Qf6 69. Kc7 Qe6 70. Kb7 Qd6 71. Ka8 Qb4
72. Ka7 Qb5 73. Ka8 Kg3 74. Ka7 Kf4 75. Ka8 Ke5 76. Ka7 Kd6 77. Ka8 Kc7 78. Ka7
Qb7# 0-1

[Event "Bad. Jug-EM 2018 U14W"]
[Site "Karlsruhe-Durlach"]
[Date "2018.01.04"]
[Round "4.3"]
[White "Henninger, Claire"]
[Black "Färber, Sophie"]
[Result "1-0"]
[WhiteElo "1142"]
[BlackElo "1326"]
[PlyCount "75"]
[EventDate "2018.??.??"]
[WhiteTeam "SK Endingen"]
[BlackTeam "SV Walldorf"]

1. e4 e5 2. Nf3 Nc6 3. Bc4 Bc5 4. Nc3 Nf6 5. O-O d6 6. h3 Be6 7. Bxe6 fxe6 8.
d3 Qd7 9. Bg5 h6 10. Bh4 g5 11. Bg3 O-O-O 12. Nd2 d5 13. Qe2 Nd4 14. Qd1 Nc6
15. Re1 Rhe8 16. Qe2 Bd6 17. Nb5 a6 18. Nxd6+ Qxd6 19. Nf3 d4 20. Nd2 Qc5 21.
Rec1 Ne7 22. Qe1 Ng6 23. Nc4 b5 24. b4 Qf8 25. Nxe5 Ne7 26. c3 Nh5 27. Bh2 Nf4
28. Bxf4 Qxf4 29. Nf3 Nc6 30. c4 Qf8 31. a3 Na7 32. cxb5 Nxb5 33. Rc4 e5 34.
Qc1 Nc3 35. Qc2 Rd6 36. Re1 Qf6 37. Nd2 h5 38. Nb1 1-0

[Event "Bad. Jug-EM 2018 U14W"]
[Site "Karlsruhe-Durlach"]
[Date "2018.01.04"]
[Round "4.4"]
[White "Schick, Kim"]
[Black "Doll, Rebecca"]
[Result "0-1"]
[WhiteElo "790"]
[BlackElo "1515"]
[PlyCount "56"]
[EventDate "2018.??.??"]
[WhiteTeam "SC Durmersheim"]
[BlackTeam "SC Untergrombach"]

1. e4 e5 2. Nf3 Nc6 3. d4 exd4 4. Nxd4 Nf6 5. Nc3 Bb4 6. Nxc6 bxc6 7. Bd3 O-O
8. O-O Re8 9. Bg5 h6 10. Bh4 Be7 11. Re1 Bb7 12. Qe2 d6 13. h3 Qd7 14. Bc4 d5
15. exd5 cxd5 16. Bd3 d4 17. Nb5 Bb4 18. Qf1 Rxe1 19. Rxe1 Bxe1 20. Qxe1 Re8
21. Qd1 Ne4 22. Bxe4 Rxe4 23. Bg3 Qxb5 24. f3 Qe2 25. Qb1 Re6 26. Bh4 Bxf3 27.
gxf3 Rg6+ 28. Kh1 Qg2# 0-1

[Event "Bad. Jug-EM 2018 U14"]
[Site "Karlsruhe-Durlach"]
[Date "2018.01.04"]
[Round "4.1"]
[White "Wu, Luka"]
[Black "Wu, Leon"]
[Result "1/2-1/2"]
[WhiteElo "1953"]
[BlackElo "1984"]
[PlyCount "131"]
[EventDate "2018.??.??"]
[WhiteTeam "SK Mannheim-Lindenhof"]
[BlackTeam "SK Mannheim-Lindenhof"]

1. e4 e5 2. Nf3 Nc6 3. Bb5 a6 4. Ba4 Nf6 5. d3 b5 6. Bb3 Bc5 7. O-O O-O 8. h3
d6 9. Re1 Re8 10. c3 Na5 11. Bc2 Ba7 12. Nbd2 c5 13. Nf1 Nc6 14. Ng3 Ne7 15. d4
Ng6 16. dxc5 dxc5 17. Be3 c4 18. Bxa7 Rxa7 19. Qxd8 Rxd8 20. Rad1 Rad7 21. Kf1
Kf8 22. Ke2 Ke7 23. Rxd7+ Rxd7 24. Rd1 Nf4+ 25. Kf1 Ng6 26. Ke2 Rxd1 27. Bxd1
Kd6 28. Bc2 Nd7 29. Nf5+ Kc5 30. Ne3 Nf4+ 31. Kd2 Ne6 32. g3 Bb7 33. Ke2 g6 34.
h4 b4 35. cxb4+ Kxb4 36. a3+ Kc5 37. Kd2 Nd4 38. Nxd4 Kxd4 39. f3 f6 40. Bd1
Nb6 41. b3 Ba8 42. bxc4 Nxc4+ 43. Nxc4 Kxc4 44. Be2+ Kb3 45. Bxa6 Kxa3 46. Ke3
Kb4 47. f4 Kc5 48. fxe5 fxe5 49. Be2 Kd6 50. g4 h6 51. g5 hxg5 52. hxg5 Bc6 53.
Bc4 Ke7 54. Be2 Kd6 55. Bc4 Be8 56. Bd5 Ke7 57. Kd3 Bf7 58. Kc4 Be8 59. Kd3 Kd6
60. Kc4 Bc6 61. Bxc6 Kxc6 62. Kb4 Kb6 63. Kc4 Kc6 64. Kb4 Kb6 65. Kc4 Kc6 66.
Kb4 1/2-1/2